000 00658nam a2200229 a 4500
005 20241012063858.0
008 010917s2000 r 000 0 eng d
020 _a9582004940
035 _aUPN01000111575
049 _aCG
050 4 _aQA95
_bC3.33
100 1 _aCasas Alfonso, Esperanza
_942414
245 1 0 _aFestival matemático /
_cEsperanza Casas Alfonso.
260 _aSanta Fé de Bogotá :
_bMagisterio,
_c2000.
300 _a149 p.
440 0 _aAula alegre
650 0 _aRecreaciones matemáticas
_96050
650 4 _aJuegos educativos
_93952
650 4 _aMatemáticas
_xEstudio y enseñanza
_93601
905 _aLibro
999 _c85483
_d85483